Simplicissimus
محفوظ في:
| المؤلف الرئيسي: | |
|---|---|
| التنسيق: | كتاب |
| اللغة: | الإنجليزية الألمانية |
| منشور في: |
Nueva York
Dover
1975
|
| سلاسل: | Collections of Graphic Art in Dover Books
|
| الموضوعات: | |
| الوسوم: |
إضافة وسم
لا توجد وسوم, كن أول من يضع وسما على هذه التسجيلة!
|
MARC
| LEADER | 00000nam a2200000 a 4500 | ||
|---|---|---|---|
| 001 | UCO4876 | ||
| 003 | CL-VaPUC | ||
| 008 | 000825e19750000US |||||||||||||||||eng|d | ||
| 041 | 0 | 7 | |a eng |2 CL-VaPUC |
| 041 | 0 | 7 | |a ger |2 CL-VaPUC |
| 082 | 0 | 4 | |a 741.5 |b APP |2 21 |
| 100 | 0 | |a Appelbaum, Stanley |e author |9 449538 | |
| 245 | 1 | 0 | |a Simplicissimus |
| 300 | |a 172 p | ||
| 942 | |c BK | ||
| 945 | |d 20000825 00:00:00 |a crobeson | ||
| 260 | |a Nueva York |b Dover |c 1975 | ||
| 500 | |a Contiene 180 dibujos, incluyendo 16 en color | ||
| 650 | 0 | |a Caricaturas |9 359381 | |
| 650 | 0 | |a Dibujos |9 264123 | |
| 650 | 7 | |a SATIRAS |2 CL-VaPUC |9 416377 | |
| 650 | 0 | |a Artes gráficas |9 265865 | |
| 583 | |a last modification |c 20000825 00:00:00 |k Rodrigo Vera | ||
| 490 | 0 | |a Collections of Graphic Art in Dover Books | |
| 999 | |c 290841 |d 290839 | ||
| 952 | |0 0 |1 0 |4 0 |6 741_500000000000000_APP_1975 |7 0 |8 R |9 340450 |a BIBART |b BIBART |d 2019-11-20 |i 1216759 |o 741.5 APP 1975 |p 1216759 |r 2025-03-13 |w 2019-11-20 |y BK_R |k ART | ||